000 00596nam a2200217 i 4500
001 17181
003 ES-MaACL
005 20230906151523.0
007 t|
008 010115s1997 mx ||||1| spa d
080 _a821.134.2(72)-14"19"
100 1 _aContreras Villaseñor, Javier.
_940326
245 1 0 _aCuaderno del insomnio /
_cJavier Contreras Villaseñor.
250 _a1ª ed.
260 _aQuerétaro :
_bPapuras,
_c1997.
300 _a23 p. ;
_c22 cm.
490 1 _aAhí les va
830 0 _aAhí les va
_9180251
852 _aES-MaACL
_j2161-F-19
_bR.126317
999 _c17181
_d17181